Systémy s mikroprocesory a přenos dat /

Salvato in:
Dettagli Bibliografici
Autori principali: Starý, Jaroslav (Autore), Dlabola, František (Autore)
Natura: Libro
Lingua:ceco
Pubblicazione: Praha : NADAS, 1986
Edizione:2.upr.a dopl.vyd.
Soggetti:
Tags: Aggiungi Tag
Nessun Tag, puoi essere il primo ad aggiungerne!!

MARC

LEADER 00000nam a22000003a 4500
001 stu35564
005 20150617225730.8
008 920428s1986----cs------------------cze-d
040 |a STU  |b slo 
041 0 |a cze 
044 |a cs 
080 |a 681.32 
100 1 |a Starý, Jaroslav  |4 aut 
245 1 |a Systémy s mikroprocesory a přenos dat /  |c [aut.]František Dlabola, Jaroslav Starý 
250 |a 2.upr.a dopl.vyd. 
260 |a Praha :  |b NADAS,  |c 1986 
300 |a 521 s 
650 7 |a mikroprocesory  |2 stusub 
650 7 |a Dáta  |2 stusub 
650 7 |a prenos  |2 stusub 
700 1 |a Dlabola, František  |4 aut 
996 |b 284M046017  |c M*755-1  |l MMKN  |s A  |a 24  |w stu35564_0001 
996 |b 284M046018  |c M*755-2  |l MMKN  |s A  |a 24  |w stu35564_0002